[Event "European Online Club-ch-B 2021"]
[Site "Online"]
[Date "2021.03.27"]
[Round "2.17"]
[White "Vidit, Santosh Gujrathi"]
[Black "Grandelius, Nils"]
[Result "1-0"]
[WhiteElo "2726"]
[BlackElo "2663"]
[Annotator "TA"]
[PlyCount "105"]
[EventDate "2021.03.27"]
[EventType "team-tourn"]
[EventCountry "NET"]
[SourceTitle "playchess.com"]
[Source "ChessBase"]
[SourceQuality "1"]

{[%evp 9,105,21,23,27,29,10,18,15,12,14,13,0,13,0,6,0,6,5,17,-7,37,31,29,37,37,29,27,31,110,82,80,84,117,93,136,129,154,144,230,117,125,89,233,235,208,216,339,227,219,213,241,202,206,207,327,324,322,321,354,320,322,318,318,177,177,177,179,169,169,169,320,302,362,334,324,286,440,439,442,413,403,397,383,372,328,315,29963,29965,12846,9952,29977,29978,29977,29978,29984,29985,29982,29983]} 1. d4 d5 2. c4 e6 3. Nc3 a6 4. cxd5 exd5 5. Nf3 Nf6 6. Bg5 {D37: Queen's Gambit Declined: 5 Bf4.} Be6 7. Bxf6 Qxf6 8. Qb3 {The position is equal.} Ra7 {The main line 8...Ra7 scores better than 8...b5.} 9. a3 $5 {[%mdl 4] Exploring less charted territory.} Qd8 {[#]} 10. h4 $5 $146 {[%mdl 8] An interesting novelty.} ({Predecessor:} 10. Qc2 c6 11. e3 Nd7 12. Bd3 g6 13. h4 Nf6 14. Ng5 Qd6 15. Ne2 Bg7 16. Ng3 {½-½ (125) Hakobyan,A (2559)-Jacobson,B (2486) Saint Louis 2019}) 10... Be7 11. e4 {[%cal Re4d5]} c6 {Threatens to win with ...dxe4.} 12. e5 Nd7 13. Qc2 b5 14. Rd1 c5 15. dxc5 Nxc5 16. b4 Nd7 17. Nxd5 Bxd5 18. Rxd5 Qc7 (18... Rc7 $14 19. Qb1 Qa8) 19. Qb3 (19. Qd2 {is interesting.} O-O 20. Bd3 Nb6 21. Rd4 Nd7 22. Re4) 19... O-O 20. Be2 Nb6 21. Rd2 Rd8 22. Rxd8+ Qxd8 23. O-O Qd5 (23... Qc8 $16 24. Qe3 Rb7) 24. Qc2 ({White has to play} 24. Qe3 $18 Qe6 25. Rc1) 24... Rd7 $16 25. Rc1 Qb7 {Loses the game.} (25... Rd8 $16 {keeps fighting.}) 26. Bd3 g6 27. h5 {Strongly threatening Be4.} Kg7 (27... Qd5 $142) 28. hxg6 hxg6 29. e6 Rd6 30. exf7 {aiming for Qe2.} Qd5 31. Be4 Qxf7 (31... Qc4 {is a better defense.} 32. Qb1 Qxf7) 32. Ne5 $18 Qf6 33. Nxg6 Nc4 34. Nxe7 Qxe7 35. Qc3+ Qf6 {Threatening ...Rd1+.} 36. Qxf6+ (36. Qg3+ $142 Kf8 37. Bd3) 36... Kxf6 {[%mdl 4096] Endgame KRB-KRN} 37. a4 Nd2 38. Bc6 Nb3 {[#]} 39. Rb1 Nd2 $2 {[#]} (39... Nd4) 40. Rd1 $1 (40. Rc1 Nb3 $16) 40... Ke5 ({Reject} 40... Rxc6 $6 41. Rxd2 (41. axb5 Rd6 $17) 41... Rc4 42. axb5 $16) 41. axb5 axb5 42. Re1+ Kf4 (42... Kf6 {was called for.}) 43. Bxb5 Rd4 44. g3+ Kf5 {intending ...Nf3+.} 45. Kg2 Rxb4 46. Bd3+ Kf6 47. Re2 Rb2 (47... Nb1 $18 48. Bxb1 Rxb1) 48. f4 Ra2 49. g4 Rb2 50. g5+ {White mates.} Kf7 51. f5 Kg7 52. Rf2 Kf7 53. f6 {Weighted Error Value: White=0.14/Black=0.62} 1-0

[Event "European Online Club-ch-B 2021"]
[Site "Online"]
[Date "2021.03.27"]
[Round "2.18"]
[White "Svane, Rasmus"]
[Black "Wojtaszek, Radoslaw"]
[Result "1/2-1/2"]
[WhiteElo "2613"]
[BlackElo "2705"]
[Annotator "TA"]
[PlyCount "153"]
[EventDate "2021.03.27"]
[EventType "team-tourn"]
[EventCountry "NET"]
[SourceTitle "playchess.com"]
[Source "ChessBase"]
[SourceQuality "1"]

{[%evp 9,153,0,10,12,6,9,28,16,32,31,41,42,48,45,45,45,43,-31,-25,-20,-27,-113,-61,-73,-70,-49,-52,-110,-114,-184,-185,-187,-188,-184,-189,-198,-189,-199,-192,-220,-213,-218,-185,-176,0,-218,-218,-202,-203,-206,-195,-237,-233,-242,-205,-247,-246,-254,-224,-198,-161,-250,-197,-178,0,-214,-206,-222,-220,-271,-268,-322,-313,-377,-281,-278,-257,-369,-208,-279,-269,-391,-362,-363,-326,-294,-203,-197,-195,-192,-181,-287,-260,-250,-310,-322,-303,-322,-323,-316,-288,-436,-448,-401,-444,-433,-427,-402,-366,-512,-523,-784,-806,-762,-1039,-955,-1036,-1077,-1070,-1064,-1054,-1096,-954,-1400,-88,-79,-80,-80,-8,-29970,-29971,-29971,-29969,-6443,-2229,-1722,-692,-595,-8,-8,-8,-8,-8,-8,-8,-8]} 1. Nf3 d5 2. g3 c6 3. Bg2 Bg4 4. O-O Nd7 5. h3 Bh5 6. d4 {A07: Réti Opening: New York and Capablanca Systems.} e6 7. c4 Bd6 8. Qb3 {White has an edge.} Qb6 9. Nc3 {[%cal Rc4d5,Bb1c3,Bc3e4,Be4d6][%mdl 32]} Qxb3 10. axb3 a6 11. e4 dxe4 12. Nxe4 Bc7 {[#]} 13. Bf4 $146 (13. b4 $14) ({Predecessor:} 13. g4 Bg6 14. Nh4 Bxe4 15. Bxe4 Ne7 16. Bd2 O-O 17. Bb4 Rfe8 18. Rfe1 Rad8 19. Rad1 {½-½ (51) Ganguly,S (2615)-Aronian,L (2765) Kolkata 2018}) 13... Bxf4 $15 14. gxf4 {Hoping for Nd6+.} O-O-O 15. c5 (15. Ne5 $11 Kc7 16. Rfe1) 15... Bxf3 (15... Ndf6 $17 16. Nd6+ Rxd6 17. cxd6 Nh6) 16. Nd6+ Kc7 $1 17. Bxf3 Nh6 18. b4 (18. f5 $15) 18... Nf6 $17 19. b5 (19. f5 $17 {was called for.}) 19... axb5 $19 20. Ra7 {[%csl Gd6][%cal Ra7b7]} Rxd6 21. cxd6+ Kb6 $1 {[%cal Rb6a7]} 22. Ra3 Rd8 23. Rd1 Rxd6 24. Kh2 Nf5 25. Rad3 Nh4 26. Kg3 Nf5+ 27. Kh2 $1 Rd8 28. Bg4 Ne7 29. Bf3 Ra8 30. Ra3 Rxa3 31. bxa3 {[%mdl 4096] Endgame KRB-KNN} Ka5 32. Rd3 Nf5 33. Kg2 g6 34. Kf1 Nd6 35. Kg2 (35. Ke2 $142) 35... Nc4 36. Kg3 Nd6 37. Kg2 $1 b4 38. axb4+ Kxb4 39. Rd1 Kc3 40. Be2 Nf5 41. Rd3+ Kc4 42. Rd1+ Kd5 43. Bf3+ (43. Kf3 {was worth a try.}) 43... Kd6 (43... Ne4 $142 {...Nh4+ is the strong threat.} 44. Kf1 Nxd4) 44. Kf1 Nd5 45. Bxd5 (45. Bg4 $142) 45... Kxd5 {KR-KN} ({Worse is} 45... cxd5 46. Ke2 $11) 46. Ke2 Ke4 47. f3+ Kxf4 48. Kf2 b5 49. Re1 Kg5 50. Re5 (50. Rd1 $142) 50... Kf6 51. Rc5 Nxd4 52. Ke3 Nf5+ 53. Ke4 Ne7 54. f4 h6 55. Rc1 (55. h4 {is a better defense.}) 55... g5 56. fxg5+ hxg5 57. Rf1+ Kg6 58. Ke5 Nd5 59. Kd6 b4 60. Kxc6 Nf4 61. h4 e5 $1 62. hxg5 Kxg5 63. Kc5 e4 64. Kd4 f5 65. Rg1+ Kf6 {( -> ...Ne2+)} 66. Rb1 Nd3 $2 (66... Ne2+ $1 $19 {and Black stays clearly on top.} 67. Ke3 Nc3) 67. Kd5 $17 Kg5 68. Kd4 Kg4 (68... b3 $1 $17 {[%cal Rb3b2] And now ...b2 would win.} 69. Rxb3 Kf4) 69. Rg1+ $2 {[%mdl 8192]} (69. Ke3 $11) 69... Kf3 $1 70. Rf1+ Nf2 71. Rb1 e3 72. Rxb4 e2 (72... Ng4 $142 73. Kc3 f4) 73. Rb3+ $19 {[#]} Kg2 $2 (73... Nd3 $1 $19 {[%mdl 512]} 74. Rxd3+ Kf2) 74. Re3 $11 {The position is equal.} Kf1 75. Rxe2 $1 Kxe2 76. Ke5 f4 77. Kxf4 {Weighted Error Value: White=0.32/Black=0.18} 1/2-1/2

[Event "European Online Club-ch-B 2021"]
[Site "Online"]
[Date "2021.03.27"]
[Round "2.19"]
[White "Navara, David"]
[Black "Hansen, Sune Berg"]
[Result "1-0"]
[WhiteElo "2697"]
[BlackElo "2533"]
[Annotator "TA"]
[PlyCount "65"]
[EventDate "2021.03.27"]
[EventType "team-tourn"]
[EventCountry "NET"]
[SourceTitle "playchess.com"]
[Source "ChessBase"]
[SourceQuality "1"]

{[%evp 9,65,34,31,15,21,0,-4,27,29,34,35,10,0,18,14,8,25,23,31,28,33,22,36,32,84,81,74,84,106,83,78,79,184,182,177,166,168,174,170,163,216,163,462,455,462,447,447,447,863,817,1416,1200,937,863,29984,29974,6544,1354]} 1. c4 e5 2. g3 Nc6 3. Bg2 Bc5 4. Nc3 a6 5. Nf3 Ba7 {[#]} 6. b4 $146 {A25: English Opening vs King's Indian with ...Nc6 but without early d3.} ({Predecessor:} 6. e3 d6 7. d4 Nge7 8. dxe5 dxe5 9. Qxd8+ Kxd8 10. b3 f6 11. Ba3 Bd7 12. Nd2 {1-0 (44) Rasmussen,A (2543)-Ochsner,B (2449) Denmark 2018}) 6... d6 7. b5 axb5 8. cxb5 {The position is equal.} Nd4 9. Nxd4 Bxd4 10. e3 Bxc3 11. dxc3 Nf6 12. a4 O-O 13. O-O Bg4 14. Qc2 Qc8 15. a5 Bh3 16. c4 Re8 ({Black should try} 16... h6 $14) 17. e4 $16 {White now steadily converts the win.} Bxg2 18. Kxg2 Re6 19. f3 c6 {next ...cxb5 is good for Black.} 20. Qb3 d5 (20... Qd8 $16) 21. cxd5 cxd5 22. exd5 Rd6 23. Rd1 Qd8 24. Bb2 Nxd5 {[#]} (24... Qe8 $142 25. Kg1 h5) 25. Kh1 $1 $18 Rxa5 $2 (25... Ne7) 26. Rxa5 Qxa5 27. Bxe5 ({And not} 27. Rxd5 Qe1+ 28. Kg2 Qe2+ 29. Kg1 Qe1+ 30. Kg2 Qe2+ 31. Kg1 Qe1+ 32. Kg2 $11) 27... Rd7 28. Rxd5 Qe1+ (28... Qd8 $142) 29. Kg2 Qe2+ 30. Kh3 Qf1+ 31. Kh4 g5+ 32. Kxg5 h6+ 33. Kh4 {Weighted Error Value: White=0.06/Black=0.60} 1-0

[Event "European Online Club-ch-B 2021"]
[Site "Online"]
[Date "2021.03.27"]
[Round "2.20"]
[White "Heinemann, Thies"]
[Black "Ragger, Markus"]
[Result "1/2-1/2"]
[WhiteElo "2502"]
[BlackElo "2680"]
[Annotator "TA"]
[PlyCount "83"]
[EventDate "2021.03.27"]
[EventType "team-tourn"]
[EventCountry "NET"]
[SourceTitle "playchess.com"]
[Source "ChessBase"]
[SourceQuality "1"]

{[%evp 22,83,-8,-4,-3,-18,-7,-16,-8,-12,-13,-8,0,0,0,-17,0,-25,-20,-56,-17,-36,-39,-28,-32,-32,-19,-35,-24,-22,-21,-39,-38,-35,-20,-31,-20,-22,-22,-16,0,-15,0,0,0,0,0,0,0,0,0,0,-3,-3,0,-13,0,0,0,-13,0,0,0,-13]} 1. e4 e5 2. Nf3 Nc6 3. Bb5 a6 4. Bxc6 dxc6 5. O-O Bg4 6. h3 h5 7. d3 Qf6 8. Be3 Bxf3 9. Qxf3 Qxf3 10. gxf3 Bd6 11. Nd2 Ne7 12. Nc4 Ng6 {C68: Ruy Lopez: Exchange Variation, sidelines.} 13. Rfd1 Nh4 14. f4 exf4 15. Nxd6+ cxd6 16. Bxf4 Kd7 17. Bg3 Ng6 {[#]} 18. Re1 $146 ({Predecessor:} 18. f3 Ne7 19. f4 f5 20. Kg2 h4 21. Bh2 Rhg8 22. Kf3 g5 23. fxg5 Rxg5 24. Rg1 fxe4+ 25. dxe4 {½-½ (58) Serner,A (2441)-Cardelli,G (2357) ICCF email 2016}) 18... Raf8 19. a4 f5 20. exf5 Rxf5 21. Ra3 Rg5 {[#] aiming for ...h4.} 22. Kf1 Rf8 {...Rxg3 is the strong threat.} 23. d4 Rgf5 {Threatens to win with ...h4.} (23... h4 {is more complex.} 24. Bh2 Rgf5 25. Re2 Nf4 26. Bxf4 Rxf4 27. Rb3 Kc8) 24. Re2 Rf3 (24... h4 {is interesting.} 25. Bh2 Nf4 26. Bxf4 Rxf4 27. Rb3 Kc8) 25. Rxf3 Rxf3 $11 {[%mdl 4096] Endgame KRB-KRN} 26. Kg2 Rf5 27. Re3 Rg5 {[#] Strongly threatening ...h4.} 28. Kf1 Rd5 29. Rb3 {The position is equal.} b5 30. axb5 axb5 31. Ra3 Ne7 32. Ra7+ Ke6 33. c3 g5 34. Ke2 b4 35. Ra8 h4 36. Bh2 bxc3 37. bxc3 Rb5 38. Rh8 Nf5 39. Re8+ Ne7 40. Rh8 Nf5 41. Re8+ Ne7 42. Rh8 {Weighted Error Value: White=0.06/Black=0.06} 1/2-1/2

[Event "European Online Club-ch-B 2021"]
[Site "Online"]
[Date "2021.03.27"]
[Round "3.1"]
[White "Svane, Rasmus"]
[Black "Chlpik, Martin"]
[Result "1-0"]
[WhiteElo "2613"]
[BlackElo "2199"]
[Annotator "ChessBase"]
[PlyCount "101"]
[EventDate "2021.03.27"]
[EventType "team-tourn"]
[EventCountry "NET"]
[SourceTitle "playchess.com"]
[Source "ChessBase"]
[SourceQuality "1"]
[TimeControl "900+5"]

1. Nf3 {[%emt 0:00:00]} c5 {[%emt 0:00:03]} 2. c4 {[%emt 0:00:04]} g6 {[%emt 0:00:04]} 3. e4 {[%emt 0:00:08]} Bg7 {[%emt 0:00:08]} 4. d4 {[%emt 0:00:01]} cxd4 {[%emt 0:00:02]} 5. Nxd4 {[%emt 0:00:00]} Nc6 {[%emt 0:00:02]} 6. Be3 {[%emt 0:00:05]} Nf6 {[%emt 0:00:43]} 7. Nc3 {[%emt 0:00:03]} Ng4 {[%emt 0:02:14]} 8. Qxg4 {[%emt 0:00:03]} Nxd4 {[%emt 0:00:07]} 9. Qd1 {[%emt 0:00:02]} Nc6 {[%emt 0:00:54]} 10. Qd2 {[%emt 0:00:19]} d6 {[%emt 0:01:21]} 11. Be2 {[%emt 0:00:03]} Be6 {[%emt 0:00:16]} 12. O-O {[%emt 0:00:12]} O-O {[%emt 0:00:05]} 13. Nd5 {[%emt 0:01:29]} Ne5 {[%emt 0:02:51]} 14. Rac1 {[%emt 0:00:18]} Ng4 {[%emt 0:00:39]} 15. Bg5 {[%emt 0:00:52]} Nf6 {[%emt 0:01:01]} 16. Nxf6+ {[%emt 0:00:26]} exf6 {[%emt 0:00:06]} 17. Bf4 {[%emt 0:00:04]} f5 {[%emt 0:00:12]} 18. exf5 {[%emt 0:01:29]} Bxf5 {[%emt 0:00:00]} 19. Bf3 {[%emt 0:02:52]} Qb6 {[%emt 0:00:20]} 20. b3 {[%emt 0:00:07]} Rad8 {[%emt 0:00:10]} 21. Rfe1 {[%emt 0:00:21]} Rd7 {[%emt 0:01:40]} 22. Bd5 {[%emt 0:00:52]} Qd8 {[%emt 0:01:23]} 23. h3 {[%emt 0:00:48]} Qf6 {[%emt 0:00:02]} 24. Re2 {[%emt 0:00:28]} Be6 {[%emt 0:00:03]} 25. Bg5 {[%emt 0:01:24]} Qd4 {[%emt 0:00:40]} 26. Rxe6 {[%emt 0:00:07]} fxe6 {[%emt 0:00:15]} 27. Bxe6+ {[%emt 0:00:00]} Rdf7 {[%emt 0:00:07]} 28. Re1 {[%emt 0:00:40]} Qxd2 {[%emt 0:00:41]} 29. Bxd2 {[%emt 0:00:02]} Bd4 {[%emt 0:00:01]} 30. Be3 {[%emt 0:01:01]} Bxe3 {[%emt 0:00:03]} 31. Rxe3 {[%emt 0:00:00]} Kg7 {[%emt 0:00:01]} 32. Bxf7 {[%emt 0:00:02]} Rxf7 {[%emt 0:00:02]} 33. Kf1 {[%emt 0:00:03]} Rd7 {[%emt 0:00:12]} 34. Ke2 {[%emt 0:00:48]} Kf7 {[%emt 0:00:11]} 35. Kd3 {[%emt 0:00:10]} Rd8 {[%emt 0:00:28]} 36. Kd4 {[%emt 0:00:04]} Rc8 {[%emt 0:00:13]} 37. Kd5 {[%emt 0:00:09]} Rc6 {[%emt 0:00:03]} 38. f3 {[%emt 0:00:50]} Ra6 {[%emt 0:00:17]} 39. a4 {[%emt 0:00:03]} h6 {[%emt 0:00:26]} 40. f4 {[%emt 0:00:09]} Rc6 {[%emt 0:00:03]} 41. b4 {[%emt 0:00:18]} h5 {[%emt 0:00:02]} 42. g4 {[%emt 0:00:08]} hxg4 {[%emt 0:00:02]} 43. hxg4 {[%emt 0:00:00]} a6 {[%emt 0:00:04]} 44. Re4 {[%emt 0:00:06]} Kf6 {[%emt 0:00:07]} 45. Re6+ {[%emt 0:00:09]} Kf7 {[%emt 0:00:03]} 46. Rxd6 {[%emt 0:00:01]} Rc7 {[%emt 0:00:02]} 47. c5 {[%emt 0:00:10]} Re7 {[%emt 0:00:03]} 48. b5 {[%emt 0:00:02]} a5 {[%emt 0:00:06]} 49. c6 {[%emt 0:00:09]} bxc6+ {[%emt 0:00:05]} 50. bxc6 {[%emt 0:00:00]} Re1 {[%emt 0:00:05]} 51. c7 {[%emt 0:00:05]} 1-0

[Event "European Online Club-ch-B 2021"]
[Site "Online"]
[Date "2021.03.27"]
[Round "3.2"]
[White "Solcan, Martin"]
[Black "Hansen, Sune Berg"]
[Result "1/2-1/2"]
[WhiteElo "2076"]
[BlackElo "2533"]
[Annotator "ChessBase"]
[PlyCount "65"]
[EventDate "2021.03.27"]
[EventType "team-tourn"]
[EventCountry "NET"]
[SourceTitle "playchess.com"]
[Source "ChessBase"]
[SourceQuality "1"]
[TimeControl "900+5"]

1. g3 {[%emt 0:00:00]} d5 {[%emt 0:00:12]} 2. Bg2 {[%emt 0:00:02]} g6 {[%emt 0:00:02]} 3. c4 {[%emt 0:00:10]} dxc4 {[%emt 0:00:09]} 4. Qa4+ {[%emt 0:00:04]} c6 {[%emt 0:00:06]} 5. Qxc4 {[%emt 0:00:02]} Bg7 {[%emt 0:00:05]} 6. Nf3 {[%emt 0:00:08]} Nf6 {[%emt 0:00:31]} 7. d4 {[%emt 0:00:21]} O-O {[%emt 0:00:09]} 8. O-O {[%emt 0:00:03]} Na6 {[%emt 0:00:08]} 9. Nc3 {[%emt 0:00:13]} Bf5 {[%emt 0:01:08]} 10. Ne5 {[%emt 0:01:02]} Qb6 {[%emt 0:01:20]} 11. Na4 {[%emt 0:01:16]} Qb4 {[%emt 0:00:51]} 12. Qxb4 {[%emt 0:02:28]} Nxb4 {[%emt 0:00:03]} 13. Bg5 {[%emt 0:00:11]} Rfd8 {[%emt 0:00:57]} 14. e3 {[%emt 0:00:46]} h6 {[%emt 0:00:21]} 15. Bxf6 {[%emt 0:00:05]} exf6 {[%emt 0:00:01]} 16. Nf3 {[%emt 0:00:14]} Bd3 {[%emt 0:00:39]} 17. Rfc1 {[%emt 0:00:41]} b6 {[%emt 0:01:16]} 18. Ne1 {[%emt 0:00:24]} Ba6 {[%emt 0:00:10]} 19. a3 {[%emt 0:00:06]} Nd5 {[%emt 0:00:03]} 20. Nc3 {[%emt 0:00:42]} Ne7 {[%emt 0:00:17]} 21. b4 {[%emt 0:00:48]} Rac8 {[%emt 0:00:07]} 22. a4 {[%emt 0:00:40]} Bc4 {[%emt 0:00:06]} 23. a5 {[%emt 0:00:42]} b5 {[%emt 0:01:22]} 24. Bf1 {[%emt 0:00:24]} Be6 {[%emt 0:00:05]} 25. Nd3 {[%emt 0:00:03]} f5 {[%emt 0:00:35]} 26. Bg2 {[%emt 0:01:27]} Bf8 {[%emt 0:00:27]} 27. Nc5 {[%emt 0:00:20]} Bc4 {[%emt 0:00:50]} 28. Nb7 {[%emt 0:00:23]} Rd7 {[%emt 0:00:05]} 29. Nc5 {[%emt 0:00:02]} Rd6 {[%emt 0:00:08]} 30. Nb7 {[%emt 0:00:08]} Rd7 {[%emt 0:00:52]} 31. Nc5 {[%emt 0:00:02]} Rdc7 {[%emt 0:00:07]} 32. Na6 {[%emt 0:00:09]} Rd7 {[%emt 0:00:30]} 33. Nc5 {[%emt 0:00:01]} 1/2-1/2

[Event "European Online Club-ch-B 2021"]
[Site "Online"]
[Date "2021.03.27"]
[Round "3.3"]
[White "Engel, Luis"]
[Black "Lecky, Juraj"]
[Result "1-0"]
[WhiteElo "2553"]
[BlackElo "2070"]
[Annotator "ChessBase"]
[PlyCount "109"]
[EventDate "2021.03.27"]
[EventType "team-tourn"]
[EventCountry "NET"]
[SourceTitle "playchess.com"]
[Source "ChessBase"]
[SourceQuality "1"]
[TimeControl "900+5"]

1. e4 {[%emt 0:00:00]} c5 {[%emt 0:00:03]} 2. Nf3 {[%emt 0:00:05]} d6 {[%emt 0:00:01]} 3. d4 {[%emt 0:00:04]} cxd4 {[%emt 0:00:00]} 4. Nxd4 {[%emt 0:00:01]} Nf6 {[%emt 0:00:01]} 5. Nc3 {[%emt 0:00:03]} a6 {[%emt 0:00:01]} 6. g3 {[%emt 0:00:02]} e5 {[%emt 0:00:12]} 7. Nde2 {[%emt 0:00:02]} b5 {[%emt 0:00:24]} 8. Nd5 {[%emt 0:00:29]} Nxd5 {[%emt 0:03:47]} 9. Qxd5 {[%emt 0:00:06]} Ra7 {[%emt 0:00:02]} 10. Be3 {[%emt 0:00:11]} Bb7 {[%emt 0:00:08]} 11. Qd3 {[%emt 0:00:05]} Ra8 {[%emt 0:00:05]} 12. Bg2 {[%emt 0:00:47]} Nd7 {[%emt 0:00:48]} 13. Nc3 {[%emt 0:00:26]} Qa5 {[%emt 0:01:26]} 14. O-O {[%emt 0:00:58]} Be7 {[%emt 0:01:02]} 15. Nd5 {[%emt 0:01:52]} Bxd5 {[%emt 0:00:45]} 16. Qxd5 {[%emt 0:00:00]} O-O {[%emt 0:00:03]} 17. Bh3 {[%emt 0:02:42]} Nf6 {[%emt 0:02:02]} 18. Qb7 {[%emt 0:00:44]} Rfe8 {[%emt 0:00:02]} 19. c3 {[%emt 0:01:17]} Qa4 {[%emt 0:02:13]} 20. Qc6 {[%emt 0:01:40]} Qc4 {[%emt 0:00:30]} 21. Qxc4 {[%emt 0:00:09]} bxc4 {[%emt 0:00:00]} 22. f3 {[%emt 0:01:02]} Rab8 {[%emt 0:00:21]} 23. Rab1 {[%emt 0:00:31]} d5 {[%emt 0:00:05]} 24. exd5 {[%emt 0:00:48]} Nxd5 {[%emt 0:00:00]} 25. Bf2 {[%emt 0:00:03]} Red8 {[%emt 0:02:45]} 26. Rfe1 {[%emt 0:00:46]} Bf6 {[%emt 0:00:06]} 27. Bf1 {[%emt 0:00:06]} Nb6 {[%emt 0:00:05]} 28. Bxb6 {[%emt 0:00:50]} Rxb6 {[%emt 0:00:00]} 29. Bxc4 {[%emt 0:00:04]} Rd2 {[%emt 0:00:02]} 30. Re2 {[%emt 0:00:12]} Rxe2 {[%emt 0:00:03]} 31. Bxe2 {[%emt 0:00:00]} Rd6 {[%emt 0:00:25]} 32. Rd1 {[%emt 0:00:17]} Rxd1+ {[%emt 0:00:02]} 33. Bxd1 {[%emt 0:00:00]} Kf8 {[%emt 0:00:01]} 34. Kf2 {[%emt 0:00:12]} Ke7 {[%emt 0:00:04]} 35. Ke3 {[%emt 0:00:12]} Bg5+ {[%emt 0:00:03]} 36. Ke4 {[%emt 0:00:09]} Kd6 {[%emt 0:00:06]} 37. b4 {[%emt 0:00:23]} Bd2 {[%emt 0:00:07]} 38. Kd3 {[%emt 0:00:02]} Be1 {[%emt 0:00:02]} 39. Bb3 {[%emt 0:00:09]} f5 {[%emt 0:00:06]} 40. Bc4 {[%emt 0:00:06]} Bf2 {[%emt 0:00:05]} 41. Bxa6 {[%emt 0:00:04]} Bg1 {[%emt 0:00:07]} 42. h3 {[%emt 0:00:02]} g5 {[%emt 0:00:02]} 43. Bc8 {[%emt 0:00:07]} f4 {[%emt 0:00:07]} 44. gxf4 {[%emt 0:00:03]} gxf4 {[%emt 0:00:03]} 45. a4 {[%emt 0:00:02]} Kc7 {[%emt 0:00:05]} 46. Bf5 {[%emt 0:00:02]} h6 {[%emt 0:00:02]} 47. a5 {[%emt 0:00:02]} Kd6 {[%emt 0:00:02]} 48. c4 {[%emt 0:00:03]} Bd4 {[%emt 0:00:02]} 49. c5+ {[%emt 0:00:04]} Kc6 {[%emt 0:00:02]} 50. Kc4 {[%emt 0:00:04]} Kc7 {[%emt 0:00:05]} 51. b5 {[%emt 0:00:01]} Be3 {[%emt 0:00:02]} 52. b6+ {[%emt 0:00:03]} Kb7 {[%emt 0:00:03]} 53. Kb5 {[%emt 0:00:02]} h5 {[%emt 0:00:04]} 54. a6+ {[%emt 0:00:02]} Kb8 {[%emt 0:00:01]} 55. a7+ {[%emt 0:00:01]} 1-0

[Event "European Online Club-ch-B 2021"]
[Site "Online"]
[Date "2021.03.27"]
[Round "3.4"]
[White "Nikel, Rastislav"]
[Black "Kramer, Julian"]
[Result "0-1"]
[WhiteElo "1984"]
[BlackElo "2419"]
[Annotator "NA"]
[PlyCount "124"]
[EventDate "2021.03.27"]
[EventType "team-tourn"]
[EventCountry "NET"]
[SourceTitle "playchess.com"]
[Source "ChessBase"]
[SourceQuality "1"]
[TimeControl "900+5"]

1. e4 {[%emt 0:00:00]} c5 {[%emt 0:00:03]} 2. Nf3 {[%emt 0:00:03]} d6 {[%emt 0:00:02]} 3. d4 {[%emt 0:00:02]} cxd4 {[%emt 0:00:01]} 4. Nxd4 {[%emt 0:00:03]} Nf6 {[%emt 0:00:02]} 5. Nc3 {[%emt 0:00:01]} Nc6 {[%emt 0:00:01]} 6. Be3 {[%emt 0:00:12]} e5 {[%emt 0:00:06]} 7. Nxc6 {[%emt 0:00:05]} bxc6 {[%emt 0:00:03]} 8. Be2 {[%emt 0:00:05]} Be7 {[%emt 0:00:08]} 9. O-O {[%emt 0:00:03]} O-O {[%emt 0:00:02]} 10. f4 {[%emt 0:00:04]} exf4 {[%emt 0:00:20]} 11. Rxf4 {[%emt 0:00:07]} Be6 {[%emt 0:00:10]} 12. Qd2 {[%emt 0:00:10]} Nd7 {[%emt 0:00:10]} 13. Raf1 {[%emt 0:00:20]} Ne5 {[%emt 0:00:36]} 14. b3 {[%emt 0:00:05]} Bg5 {[%emt 0:00:52]} 15. R4f2 {[%emt 0:00:05]} Bxe3 {[%emt 0:00:17]} 16. Qxe3 {[%emt 0:00:03]} Qb6 {[%emt 0:00:29]} 17. Qg3 {[%emt 0:01:01]} Rfd8 {[%emt 0:00:11]} 18. Kh1 {[%emt 0:00:20]} Qa5 {[%emt 0:00:20]} 19. h4 {[%emt 0:00:23]} h6 {[%emt 0:01:12]} 20. Nd1 {[%emt 0:02:28]} Qb4 {[%emt 0:00:36]} 21. c4 {[%emt 0:00:07]} a5 {[%emt 0:00:13]} 22. Ne3 {[%emt 0:00:07]} Qc3 {[%emt 0:00:06]} 23. Bh5 {[%emt 0:03:31]} a4 {[%emt 0:00:44]} 24. Kh2 {[%emt 0:00:42]} axb3 {[%emt 0:00:29]} 25. axb3 {[%emt 0:00:04]} Qxb3 {[%emt 0:00:20]} 26. c5 {[%emt 0:01:56]} Ra5 {[%emt 0:02:52]} 27. cxd6 {[%emt 0:00:04]} Rxd6 {[%emt 0:00:07]} 28. Bd1 {[%emt 0:01:58]} Rxd1 {[%emt 0:00:33]} 29. Rxd1 {[%emt 0:00:34]} Qxe3 {[%emt 0:00:04]} 30. Rf4 {[%emt 0:01:38]} Qxg3+ {[%emt 0:00:13]} 31. Kxg3 {[%emt 0:00:04]} Ra3+ {[%emt 0:00:01]} 32. Kh2 {[%emt 0:00:10]} h5 {[%emt 0:00:10]} 33. Rd2 {[%emt 0:00:09]} Ng4+ {[%emt 0:00:09]} 34. Kg1 {[%emt 0:00:05]} Ra1+ {[%emt 0:00:05]} 35. Rf1 {[%emt 0:00:04]} Rxf1+ {[%emt 0:00:04]} 36. Kxf1 {[%emt 0:00:02]} c5 {[%emt 0:00:01]} 37. Ke2 {[%emt 0:00:04]} c4 {[%emt 0:00:03]} 38. Rd6 {[%emt 0:00:09]} Kf8 {[%emt 0:00:06]} 39. Rc6 {[%emt 0:00:05]} Ke7 {[%emt 0:00:03]} 40. Kd2 {[%emt 0:00:09]} Ne5 {[%emt 0:00:04]} 41. Ra6 {[%emt 0:00:06]} Kf6 {[%emt 0:00:10]} 42. Kc3 {[%emt 0:00:05]} g5 {[%emt 0:00:09]} 43. hxg5+ {[%emt 0:00:06]} Kxg5 {[%emt 0:00:00]} 44. Kd4 {[%emt 0:00:03]} Ng6 {[%emt 0:00:09]} 45. Ra3 {[%emt 0:00:17]} Kg4 {[%emt 0:00:05]} 46. g3 {[%emt 0:00:09]} Ne7 {[%emt 0:00:17]} 47. Kc5 {[%emt 0:00:09]} Ng8 {[%emt 0:00:08]} 48. Kd6 {[%emt 0:00:05]} Nf6 {[%emt 0:00:05]} 49. Ke5 {[%emt 0:00:04]} Kg5 {[%emt 0:00:02]} 50. Kd4 {[%emt 0:00:09]} Kg4 {[%emt 0:00:08]} 51. Ke5 {[%emt 0:00:03]} Nh7 {[%emt 0:00:02]} 52. Kd4 {[%emt 0:00:23]} Ng5 {[%emt 0:00:03]} 53. e5 {[%emt 0:00:01]} Nf3+ {[%emt 0:00:19]} 54. Ke4 {[%emt 0:00:03]} Nd2+ {[%emt 0:00:03]} 55. Kd4 {[%emt 0:00:10]} Nb3+ {[%emt 0:00:05]} 56. Kc3 {[%emt 0:00:04]} Kxg3 {[%emt 0:00:02]} 57. Ra8 {[%emt 0:00:15]} Kf4 {[%emt 0:00:36]} 58. Rh8 {[%emt 0:00:08]} Kg5 {[%emt 0:00:12]} 59. Rg8+ {[%emt 0:00:04]} Kh6 {[%emt 0:00:07]} 60. Rh8+ {[%emt 0:00:02]} Kg6 {[%emt 0:00:02]} 61. Kb4 {[%emt 0:00:07]} Nd2 {[%emt 0:00:03]} 62. Kc3 {[%emt 0:00:03]} Nf3 {[%emt 0:00:02]} 0-1